| 000 | 01863nam a2200541 i 4500 | ||
|---|---|---|---|
| 001 | 55385 | ||
| 003 | KOSZ 005 | ||
| 005 | 20220615102105.0 | ||
| 008 | 080908s2008 pl a f |001 0 pol | ||
| 015 | _aUWD 2008/23731 | ||
| 020 | _a9788301153687 | ||
| 035 | _a991044250239705066 | ||
| 035 | _a(PL-WaBN)b22009279-48omnis_nlop | ||
| 035 | _ab22009279 | ||
| 035 | _a(OCoLC)233386218 | ||
| 035 | _axx001140960 | ||
| 035 | _a(PL)b0000002200927 | ||
| 035 | _a(EXLNZ-48OMNIS_NETWORK)9910244193905606 | ||
| 040 |
_aWA N _cWA N _dLUBL KUL _dKOSZ 005/HR |
||
| 041 | 1 |
_apol _heng |
|
| 046 | _k2004 | ||
| 080 | _a54 | ||
| 080 | _a(075.8) | ||
| 100 | 1 |
_aFisher, J. _eAutor |
|
| 245 | 1 | 0 |
_aChemia dla biologów / _cJ. Fisher, J. R. P. Arnold ; przekł. Zbigniew Zawadzki. |
| 246 | 1 |
_iTyt. oryg.: _aChemistry for biologists |
|
| 260 |
_aWarszawa : _bWydawnictwo Naukowe PWN, _c2008. |
||
| 300 |
_aXI, [1], 308 s. : _bil. ; _c24 cm. |
||
| 336 |
_aTekst _btxt _2rdacontent |
||
| 337 |
_aBez urządzenia pośredniczącego _bn _2rdamedia |
||
| 338 |
_aWolumin _bnc _2rdacarrier |
||
| 380 | _aKsiążki | ||
| 388 | _a2001- | ||
| 490 | 1 | _aKrótkie Wykłady | |
| 500 | _aTyt. oryg.: "Instant notes in chemistry for biologists" 2004. | ||
| 504 | _aBibliogr. s. 297-298. Indeks. | ||
| 521 | 8 | _aDla studentów nauk biologicznych, geologicznych, fizycznych, farmaceutycznych. | |
| 650 | 7 |
_aChemia _2DBN |
|
| 655 | 7 |
_aPodręczniki akademickie _2DBN |
|
| 658 | _aChemia | ||
| 700 | 1 |
_aArnold, J. R. P. _eAutor |
|
| 700 | 1 |
_aZawadzki, Zbigniew _d(1951- ) _eTłumaczenie |
|
| 710 | 2 |
_aWydawnictwo Naukowe PWN _4pbl |
|
| 830 | 0 | _aKrótkie Wykłady | |
| 856 |
_uhttp://koha.tu.koszalin.pl/cgi-bin/koha/opac-detail.pl?biblionumber=55385 _yKatalog online BPK |
||
| 942 |
_2UKD _cKS |
||
| 999 |
_c55385 _d55385 |
||